000 00610cab a2200229 4500
001 X129027
008 050311n2005 000 0 eng u
035 _a(Sirsi) u129027
245 _aRegional: Bedfordshire and Buckinghamshire
260 _c2005
490 _aProperty Week
_v70(8) 25 February 2005, 71-84(9)
590 _aABS
650 _aMILTON KEYNES
650 _aOFFICES
650 _aINDUSTRIAL
650 _aINVESTMENT
650 _aGRAND UNION CANAL BASIN
650 _aAYLESBURY
650 _aLUTON
690 _aPROPERTY-COMMERCIAL PROPERTY-COMMERCIAL PROPERTY MARKET
942 _n0
999 _c74904
_d74904